BAILEY & LOVE'S SHORT PRACTICE OF SURGERY 2 VOLUME SET (Record no. 21005)

MARC details
000 -LEADER
fixed length control field 00375nam a22001577a 4500
003 - CONTROL NUMBER IDENTIFIER
control field SGT
020 ## - INTERNATIONAL STANDARD BOOK NUMBER
International Standard Book Number 9781498796507
082 ## - DEWEY DECIMAL CLASSIFICATION NUMBER
Classification number 617
Item number B18W
100 ## - MAIN ENTRY--PERSONAL NAME
Personal name WILLIAMS, NORMAN S.
245 ## - TITLE STATEMENT
Title BAILEY & LOVE'S SHORT PRACTICE OF SURGERY 2 VOLUME SET
250 ## - EDITION STATEMENT
Edition statement 27TH
260 ## - PUBLICATION, DISTRIBUTION, ETC. (IMPRINT)
Place of publication, distribution, etc NEW YORK
Name of publisher, distributor, etc CRC PRESS
Year of Publication 2018
300 ## - PAGE DESCRIPTION
No. of Pages 797,1610
650 ## - SUBJECT ADDED ENTRY--TOPICAL TERM
Topical term or geographic name as entry element SURGERY
942 ## - ADDED ENTRY ELEMENTS (KOHA)
Source of classification or shelving scheme Dewey Decimal Classification
Koha item type Books
942 ## - ADDED ENTRY ELEMENTS (KOHA)
-- 29
Holdings
Withdrawn status Lost status Source of classification or shelving scheme Damaged status Not for loan Collection code Home library Current library Shelving location Date acquired Vendor Name Cost, normal purchase price Volume Information (Serial or Books or Non-Book Material) SGTU Bill Number Total Checkouts Total Renewals Full call number Accession No. (Barcode) Date last seen Date last borrowed Bill Date Koha item type
    Dewey Decimal Classification     MEDICAL SGT Medical Library SGT Medical Library Reference Book 02/04/2021 ABC DELHI 10730.00 VOLUME-I SGTU 12725 15 1 617 B18W FM12429 13/04/2026 31/03/2026 19/02/2021 Books
    Dewey Decimal Classification     MEDICAL SGT Medical Library SGT Medical Library Reference Book 02/04/2021 ABC DELHI 10730.00 VOLUME-I SGTU 12725 29   617 B18W FM12430 04/05/2026 28/04/2026 19/02/2021 Books
    Dewey Decimal Classification     MEDICAL SGT Medical Library SGT Medical Library Reference Book 02/04/2021 ABC DELHI   VOLUME-II SGTU 12725 1   617 B18W FM12431 02/07/2025 10/06/2022 19/02/2021 Books
    Dewey Decimal Classification     MEDICAL SGT Medical Library SGT Medical Library Reference Book 02/04/2021 ABC DELHI   VOLUME-II SGTU 12725 11 2 617 B18W FM12432 30/10/2025 14/10/2025 19/02/2021 Books